000 01619nam a2200445 a 4500
001 94586
003 FlNmELB
005 20241217172425.0
006 m o d |
007 cr cn|||||||||
008 201201r2009 ag |||||s|||||||||||spa d
020 _z9789875841901
035 _a(MiAaPQ)EBC3196111
035 _a(Au-PeEL)EBL3196111
035 _a(CaPaEBR)ebr10515331
035 _a(OCoLC)929321388
040 _aFlNmELB
_bspa
_cFlNmELB
050 4 _aGV65
_bA496 2009
080 _a379.8
082 0 4 _a793
_222
100 1 _aAmbrosini, Antonio.
245 1 3 _aLa cultura del entretenimiento
_h[recurso electronico] :
_bfenómeno mundial, el caso argentino /
_cAntonio Ambrosini ; [con prólogo de Al Lieberman].
260 _a[Buenos Aires, Argentina] :
_bUP, Universidad de Palermo,
_c2009.
300 _a134 p.
440 0 _aManagement y marketing
533 _aRecurso electrónico. Santa Fe, Arg.: e-libro, 2015. Disponible vía World Wide Web. El acceso puede estar limitado para las bibliotecas afiliadas a e-libro.
650 0 _aAmusements
_zArgentina.
650 0 _aMass media
_zArgentina.
650 0 _aInternet entertainment
_zArgentina.
650 0 _aElectronic games
_zArgentina.
650 0 _aOcio
_zArgentina.
650 0 _aMedios de comunicación
_zArgentina.
650 0 _aInternet de entretenimiento
_zArgentina.
650 0 _aJuegos electrónicos
_zArgentina.
653 _aMedios de comunicacion
653 _aJuegos electronicos
655 4 _aLibros electrónicos.
710 2 _ae-libro, Corp.
856 4 0 _uhttps://elibro.net/ereader/politecnicointernacional/77756
999 _c94586
_d94586